The History and culture of the Indian people, Vol.-5 : (Record no. 22338)

MARC details
000 -LEADER
fixed length control field 01347cam a2200313 4500
001 - CONTROL NUMBER
control field 1696224
003 - CONTROL NUMBER IDENTIFIER
control field BDDh-ASL
005 - DATE AND TIME OF LATEST TRANSACTION
control field 20231015030123.0
008 - FIXED-LENGTH DATA ELEMENTS--GENERAL INFORMATION
fixed length control field 840503m19649999ii ab b 000 0 eng
010 ## - LIBRARY OF CONGRESS CONTROL NUMBER
LC control number sa 65003169
025 ## - OVERSEAS ACQUISITION NUMBER
Overseas acquisition number PL480:I-E-1559
040 ## - CATALOGING SOURCE
Original cataloging agency DLC
Transcribing agency DLC
Modifying agency DLC
-- BDDh-ASL
043 ## - GEOGRAPHIC AREA CODE
Geographic area code a-ii---
050 00 - LIBRARY OF CONGRESS CALL NUMBER
Classification number DS436.A1
Item number H52
082 00 - DEWEY DECIMAL CLASSIFICATION NUMBER
Classification number 954
Edition number 19
Item number HIS
245 04 - TITLE STATEMENT
Title The History and culture of the Indian people, Vol.-5 :
Remainder of title The Struggle for Empire /
Statement of responsibility, etc. General editor: R. C. Majumdar. Assistant editors: A. D. Pusalker [and] A. K. Majumdar.
250 ## - EDITION STATEMENT
Edition statement [2d ed.]
260 ## - PUBLICATION, DISTRIBUTION, ETC.
Place of publication, distribution, etc. Bombay:
Name of publisher, distributor, etc. Bharatiya Vidya Bhavan
Date of publication, distribution, etc. 1957
300 ## - PHYSICAL DESCRIPTION
Extent <1,2, 4-5, 7-8, 10-11 >
Other physical details illus., maps (part fold.)
Dimensions 26 cm.
500 ## - GENERAL NOTE
General note Half title.
504 ## - BIBLIOGRAPHY, ETC. NOTE
Bibliography, etc. note Includes bibliographies.
505 1# - FORMATTED CONTENTS NOTE
Formatted contents note v. 1. The Vedic age. --v. 4. The age of imperial Kanauj.--v. 5. The struggle for empire. --v. 7. The Mughul empire.--v. 8. The Maratha supremacy. --v. 9. British paramountcy and Indian renaissance. Part 1 --v. 10. British paramountcy and Indian renaissance. Part 2.--v. 11. Struggle for freedom.
651 #0 - SUBJECT ADDED ENTRY--GEOGRAPHIC NAME
Geographic name India
General subdivision History.
651 #0 - SUBJECT ADDED ENTRY--GEOGRAPHIC NAME
Geographic name India
General subdivision Civilization.
700 1# - ADDED ENTRY--PERSONAL NAME
Personal name Majumdar, R. C.
Fuller form of name (Ramesh Chandra),
Dates associated with a name 1888-1980.
710 2# - ADDED ENTRY--CORPORATE NAME
Corporate name or jurisdiction name as entry element Bharatiya Vidya Bhavan.
906 ## - LOCAL DATA ELEMENT F, LDF (RLIN)
a 7
b cbc
c orignew
d 1
e ncip
f 19
g y-gencatlg
942 ## - ADDED ENTRY ELEMENTS (KOHA)
Source of classification or shelving scheme Dewey Decimal Classification
Koha item type Books
Holdings
Withdrawn status Lost status Source of classification or shelving scheme Damaged status Not for loan Collection code Home library Current library Shelving location Date acquired Source of acquisition Serial Enumeration / chronology Total Checkouts Full call number Barcode Date last seen Copy number Price effective from Koha item type Public note
    Dewey Decimal Classification   Not For Loan Non-fiction Asiatic Society Library Asiatic Society Library General Stacks 02/24/2021 ASB Library Collections V-5   954 HIS 106550 02/24/2021 C-1 02/24/2021 Books RARE

Powered by Koha